Top 20 most populated counties in Missouri - Statistics

General Stats
  • This quiz has been taken 9 times
  • The average score is 10 of 20
Answer Stats
Density Answer % Correct
255.7 Clay
100%
464.6 Jackson
100%
1749.2 St. Louis(city)
100%
754.9 St. Louis(metro)
100%
291.9 St. Charles
83%
176.1 Greene
67%
136.4 Jefferson
50%
104.1 Platte
50%
108.2 Boone
33%
79.0 Buchanan
33%
63.1 Cass
33%
65.9 Christian
33%
76.6 Cole
33%
44.8 Franklin
33%
76.5 Jasper
33%
40.6 Lincoln
33%
38.0 Newton
33%
55.8 Cape Girardeu
0%
38.1 Pulaski
0%
57.7 St. Francois
0%
No matching quizzes found
Score Distribution
Percent of People with Each Score
Percentile by Number Answered
Your Score History
You have not taken this quiz